KFC herbs and spices - Statistics

General Stats
  • This quiz has been taken 149 times
  • The average score is 5 of 11
Answer Stats
Answer % Correct
Salt
97%
Paprika
73%
Oregano
62%
Thyme
55%
Basil
48%
Black Pepper
48%
White Pepper
32%
Garlic Salt
22%
Celery Salt
20%
Dried Mustard
9%
Ground Ginger
9%
No matching quizzes found
Score Distribution
Percent of People with Each Score
Percentile by Number Answered
Your Score History
You have not taken this quiz